000 00950nas a2200313 4500
001 BR2013001685
003 BR-BrBNA
005 20231205122005.0
007 ta
008 230509b bl.|||p| |||| 00| 00por d
040 _aBR-BrBNA
_bpor
_cBiblioteca Nacional de Agricultura
041 _a(Pt)
072 _aF30; H20
100 1 _aMorais, P.P.P.
100 1 _aToaldo, D.
100 1 _aAndrade, L.R.B. de
100 1 _aGuidolin, A.F.
100 1 _aCoimbra, J.L.M.
245 1 _aSeleção precose em plantas segregantes de feijoeiro para resistência à murcha de Curtobacterium
650 _aFEIJÃO
650 _aSELEÇÃO
650 _aVARIEDADE RESISTENTE
650 _aDOENÇA DE PLANTA
650 _aBACTÉRIA
650 _aRESISTÊNCIA GENÉTICA
773 0 _tRevista Ceres (Brazil)
_xISSN 0034-737X
_g(Nov-Dec 2012), v. 59(6) p. 803-808
_wBR2013001685
909 _a202311
_bLúcia
_c55
_dLúcia Elande
942 _2AGRIS
_n0
_cANA
999 _c226315
_d226315